00740nam a2200217Ia 4500003000400000008004100004020002500045040000800070100001800078245009800096260002400194300001400218365001300232700002900245901002100274902003400295903005800329942001200387952010600399999001700505LDD181029s9999 xx 000 0 und d a1591403499cUS69.95 cLDD aHuang, Wayne  0aElectronic government strategies and implementationcWayne Huang, Keng Siau and Kowk Kee Wei aHersheybIdeac2005 avii,455p. bUS69.95 aSiau, Keng ;Wei,Kowk Kee a3059b14-02-2005 a10670b17-02-2005cFdGBHe38 aDiscount-10bReqst by : Agrawal, Neeti  2ddccBK 00102ddc4070973085aLDDbLDDl0o352.3802854678 H86Ep056414r2024-09-27v3072.20w2018-11-01yBK c73086d73086